| 000 | 00774nam a2200205 a 4500 | ||
|---|---|---|---|
| 001 | 000041599 | ||
| 005 | 20201002035647.0 | ||
| 008 | 131011s2001 sp a 000 0 spa d | ||
| 020 | _a8400036298 | ||
| 040 |
_aDO-SdBNP _bspa _cBNPHU |
||
| 082 |
_axxx _bC824L |
||
| 100 | 1 |
_aCorrea Ramón, Amelina. _968371 |
|
| 245 | 1 | 3 |
_aEl Libro Popular / _cAmelina Correa Ramón ; prólogo Alberto Sánchez Álvarez-Insúa. |
| 260 |
_aMadrid : _bConsejo Superior de Investigaciones Científicas, _c2001. |
||
| 300 |
_a258 p. : _bil.,+ 1 CD-ROM (4 3/4 in.) ; _c22 cm. |
||
| 490 | 1 |
_aLiteratura breve _v7 |
|
| 500 | _aIncluye referencias bibliográficas y notas al pie de las pàginas. | ||
| 700 | 1 |
_aSánchez Álvarez-Insúa, Alberto _epról. _915089 |
|
| 830 | 0 |
_aLiteratura breve _n7 _968372 |
|
| 999 |
_c41089 _d41089 |
||